France FOOT 11 du FC Moyen - Statistiques

Statistiques générales
  • Ce quiz a été pris 43 fois
  • Le résultat moyen est 7 sur 11
Statistiques - réponses
Hint Réponse % Correct
Milieu surement connu pour être le champion du monde 2018 le moins connu, dont le seul moyen mnémotechnique est le nom atypique. Steven N'Zonzi
93%
Défenseur droit chauve qui n'aura jamais réussi à s'imposer en équipe de France (16sélections pour 1 but). Formé à Niort, il est actuellement (2025) dans le staff technique de l'équipe de France espoir). Christophe Jallet
90%
Défenseur central. Frappe mieux dans son chat que dans un ballon. Kurt Zouma
87%
Attaquant qui aurait d'après Mohamed Henni une tête de maïs. Valère Germain
77%
Défenseur gauche n'ayant jamais joué en équipe de France A malgré 1 convocation en 2017. Il a notamment joué à Marseille, Aston Villa et Brest plus récemment (2025). Jordan Amavi
63%
Milieu de terrain, symbole de l'OM des années 2021 à 2023. Un des joueurs sélectionnés par Didier Deschamps les plus contestés. Aurait pu être champion du monde en 2022. Matteo Guendouzi
57%
Milieu de terrain ayant nourri à la fois de grands espoirs et regrets côté français. Carrière gâchée par des blessures graves et à répétition, il aura un temps été le plus grand transfert de l'OL, en provenance d'Angers. Jeff Reine-Adelaide
53%
Attaquant très moyen, joueur phare de l'ASSE, où il aura joué 10ans pour une 60aine de buts entre 2012 et 2022, avant d'y devenir coach adjoint quelques années plus tard. Romain Hamouma
50%
Attaquant droit qui n'est sélectionné en équipe de France qu'en carrière FIFA. Il a pourtant fait de très bonnes saisons en Bretagne, notamment en Europa League où il aura même mis un triplé face à l'AC Milan. Benjamin Bourigeaud
33%
Gardien emblématique de la ligue 1, ayant écumant les clubs et les expériences dans l'élite, reputé pour ses relégations répétées (il était rarement aidé par sa défense). Paul Bernardoni
30%
Défenseur central qui aura tout de même joué en premier league. Malgré des prestations irrégulières et en dents de scie, il se verra attribuer un chant en son honneur par les supporters lyonnais après un doublé face à Monaco. Mapou Yanga-Mbiwa
17%
Aucun quiz correspondant
Distribution des résultats
% des personnes avec chaque résultat
Percentile par nombre de réponses
Votre historique - résultats
Vous n’avez pas pris ce quiz